[Event "Titled Tuesday intern op 28th Dec"]
[Site "Chess.com INT"]
[Date "2021.12.28"]
[Round "1"]
[White "Krzywda, Andrzej"]
[Black "Krivonosov, Oleg"]
[Result "0-1"]
[WhiteElo "2110"]
[BlackElo "2362"]
[PlyCount "108"]
[EventDate "2021.12.28"]
[EventType "swiss (blitz)"]
[EventRounds "11"]
[EventCountry "USA"]
[SourceTitle "CBM 206 Extra"]
[Source "ChessBase"]
[SourceDate "2022.03.31"]
[SourceVersion "1"]
[SourceVersionDate "2022.03.31"]
[SourceQuality "1"]

1. e4 e5 2. Nf3 Nc6 3. Bb5 Nf6 4. d3 Bc5 5. Bxc6 dxc6 6. O-O Bg4 7. Nbd2 Nd7 8. h3 Bh5 9. a3 a5 10. Nc4 Qe7 11. Be3 O-O 12. Qe2 a4 13. c3 b5 14. Ncd2 Rfe8 15. g4 Bg6 16. Kh2 Rad8 17. Rg1 Bb6 18. Nf1 Nc5 19. Rd1 f6 20. Ng3 Ne6 21. Nh4 Nf4 22. Bxf4 exf4 23. Ngf5 Qe5 24. Qf3 c5 25. g5 c4 26. d4 Qxe4 27. Qxe4 Rxe4 28. gxf6 gxf6 29. Nxg6 hxg6 30. Rxg6+ Kf7 31. Rdg1 Rh8 32. Nh6+ Ke6 33. Ng4 Rf8 34. Rd1 c6 35. Rg7 Rf7 36. Rxf7 Kxf7 37. Rd2 f3 38. Kg3 Re2 39. Rd1 Rxb2 40. Kxf3 Rb3 41. Kf4 Rxc3 42. f3 Rd3 43. Re1 Rxd4+ 44. Kg3 Bc7+ 45. Kg2 c3 46. h4 Rd2+ 47. Kg1 c2 48. Ne3 Bb6 49. Kf1 Bxe3 50. Rxe3 c1=Q+ 51. Re1 Qc4+ 52. Kg1 Qd4+ 53. Kh1 Qxh4+ 54. Kg1 Qxe1# 0-1

[Event "Titled Tuesday intern op 28th Dec"]
[Site "Chess.com INT"]
[Date "2021.12.28"]
[Round "1"]
[White "Lossi C, Cyrano Jose"]
[Black "Laxman, Rajaram"]
[Result "0-1"]
[WhiteElo "2042"]
[BlackElo "2428"]
[PlyCount "136"]
[EventDate "2021.12.28"]
[EventType "swiss (blitz)"]
[EventRounds "11"]
[EventCountry "USA"]
[SourceTitle "CBM 206 Extra"]
[Source "ChessBase"]
[SourceDate "2022.03.31"]
[SourceVersion "1"]
[SourceVersionDate "2022.03.31"]
[SourceQuality "1"]

1. e4 e5 2. Nf3 Nc6 3. Bc4 Bc5 4. c3 Nf6 5. d3 a6 6. O-O Ba7 7. Re1 O-O 8. Bb3 Ng4 9. Re2 d6 10. Bg5 Qe8 11. h3 Nh6 12. Qd2 Kh8 13. Bxh6 gxh6 14. Qxh6 Rg8 15. Ng5 Rg7 16. Nd2 Qe7 17. Ngf3 Bd7 18. Nh4 Rag8 19. Kh2 Nd8 20. Rg1 b5 21. Ndf3 Qf8 22. Qf6 Ne6 23. Nf5 Nf4 24. Nxg7 Rxg7 25. Ng5 Kg8 26. Rd2 Be8 27. d4 Rg6 28. Qf5 Qg7 29. h4 h6 30. g3 hxg5 31. gxf4 Qh6 32. Qxg6+ Qxg6 33. Rxg5 Kg7 34. dxe5 dxe5 35. Rxg6+ Kxg6 36. fxe5 Bc6 37. Bd5 Be8 38. f4 Kh6 39. Rg2 Be3 40. Kg3 c6 41. Bb3 Bc5 42. Kf3 Kh7 43. Rg5 Be7 44. Rg3 a5 45. h5 a4 46. Bc2 c5 47. f5 Bc6 48. f6 Bf8 49. Kf4 Bh6+ 50. Kf3 Bf8 51. Rg1 Bd7 52. Rd1 Be6 53. Rd8 Bh6 54. Rb8 Bc4 55. b3 axb3 56. axb3 Bf1 57. Rc8 c4 58. bxc4 Bxc4 59. Rc7 Kg8 60. Rc8+ Kh7 61. Bd1 Bd2 62. Be2 Be6 63. Bxb5 Bxc8 64. c4 Bc3 65. c5 Bxe5 66. Be8 Be6 67. c6 Bxf6 68. Bd7 Bd8 0-1

[Event "Titled Tuesday intern op 28th Dec"]
[Site "Chess.com INT"]
[Date "2021.12.28"]
[Round "1"]
[White "Loy, Konstantin"]
[Black "Hansen, Sune Berg"]
[Result "1-0"]
[WhiteElo "2268"]
[BlackElo "2526"]
[PlyCount "29"]
[EventDate "2021.12.28"]
[EventType "swiss (blitz)"]
[EventRounds "11"]
[EventCountry "USA"]
[SourceTitle "CBM 206 Extra"]
[Source "ChessBase"]
[SourceDate "2022.03.31"]
[SourceVersion "1"]
[SourceVersionDate "2022.03.31"]
[SourceQuality "1"]

1. e4 e5 2. Nf3 Nc6 3. d4 exd4 4. Nxd4 Bc5 5. Be3 Qf6 6. Nb5 Bxe3 7. fxe3 Qd8 8. Qg4 g5 9. N1c3 d6 10. Qg3 a6 11. Nd4 Ne5 12. O-O-O h6 13. Be2 Nf6 14. h4 Nh5 15. Bxh5 1-0

[Event "Titled Tuesday intern op 28th Dec"]
[Site "Chess.com INT"]
[Date "2021.12.28"]
[Round "1"]
[White "Makarian, Rudik"]
[Black "Rodchenkov, Sergey D"]
[Result "1-0"]
[WhiteElo "2509"]
[BlackElo "2346"]
[PlyCount "59"]
[EventDate "2021.12.28"]
[EventType "swiss (blitz)"]
[EventRounds "11"]
[EventCountry "USA"]
[SourceTitle "CBM 206 Extra"]
[Source "ChessBase"]
[SourceDate "2022.03.31"]
[SourceVersion "1"]
[SourceVersionDate "2022.03.31"]
[SourceQuality "1"]

1. c4 Nf6 2. Nf3 b6 3. g3 Bb7 4. Bg2 e6 5. O-O Be7 6. Nc3 O-O 7. Re1 d5 8. cxd5 exd5 9. d4 Na6 10. Bf4 Re8 11. h4 Bf8 12. Rc1 h6 13. e3 c5 14. Ne5 Nc7 15. g4 Ne6 16. g5 hxg5 17. Bxg5 cxd4 18. exd4 Nxg5 19. hxg5 Ne4 20. g6 fxg6 21. Bxe4 dxe4 22. Qb3+ Kh7 23. Re3 Rxe5 24. dxe5 Qg5+ 25. Kf1 Ba6+ 26. Ne2 Bxe2+ 27. Kxe2 Qg4+ 28. Kf1 Be7 29. Rh3+ Bh4 30. Qg3 1-0

[Event "Titled Tuesday intern op 28th Dec"]
[Site "Chess.com INT"]
[Date "2021.12.28"]
[Round "1"]
[White "Maly, Alexey"]
[Black "Dmitrenko, Viktor"]
[Result "1/2-1/2"]
[WhiteElo "2368"]
[BlackElo "2395"]
[PlyCount "22"]
[EventDate "2021.12.28"]
[EventType "swiss (blitz)"]
[EventRounds "11"]
[EventCountry "USA"]
[SourceTitle "CBM 206 Extra"]
[Source "ChessBase"]
[SourceDate "2022.03.31"]
[SourceVersion "1"]
[SourceVersionDate "2022.03.31"]
[SourceQuality "1"]

1. d4 d5 2. c4 Nc6 3. cxd5 Qxd5 4. e3 e5 5. Nc3 Bb4 6. Bd2 Bxc3 7. Bxc3 exd4 8. Ne2 Nf6 9. Nxd4 O-O 10. Nxc6 Qxc6 11. Rc1 Bg4 1/2-1/2

[Event "Titled Tuesday intern op 28th Dec"]
[Site "Chess.com INT"]
[Date "2021.12.28"]
[Round "1"]
[White "Martin Carmona, Gaston Manuel"]
[Black "Urazayev, Arystanbek"]
[Result "0-1"]
[WhiteElo "2362"]
[BlackElo "2437"]
[PlyCount "96"]
[EventDate "2021.12.28"]
[EventType "swiss (blitz)"]
[EventRounds "11"]
[EventCountry "USA"]
[SourceTitle "CBM 206 Extra"]
[Source "ChessBase"]
[SourceDate "2022.03.31"]
[SourceVersion "1"]
[SourceVersionDate "2022.03.31"]
[SourceQuality "1"]

1. d4 d5 2. c4 e6 3. Nf3 a6 4. Bg5 Be7 5. Bxe7 Nxe7 6. Nbd2 O-O 7. g3 Nd7 8. Bg2 Nf6 9. O-O Bd7 10. Ne5 Bc6 11. Nxc6 Nxc6 12. e3 e5 13. cxd5 Nxd5 14. Qb3 Nb6 15. d5 Ne7 16. e4 Nec8 17. Rac1 Nd6 18. Qc3 Qg5 19. Nf3 Qe7 20. Qxc7 Qxc7 21. Rxc7 f6 22. Nd2 Rfc8 23. Rfc1 Kf8 24. Bh3 Rxc7 25. Rxc7 Rb8 26. b3 Nb5 27. Rc5 Ke7 28. a4 Kd6 29. Rc1 Nd4 30. Kf1 a5 31. Rc3 h5 32. Bg2 g5 33. Nf3 Nd7 34. Nxd4 exd4 35. Rc4 d3 36. Rc3 Nc5 37. f3 b5 38. axb5 Rxb5 39. f4 gxf4 40. gxf4 Rxb3 41. e5+ fxe5 42. fxe5+ Kxe5 43. Rxc5 Rb1+ 44. Kf2 Rb2+ 45. Kg3 Rxg2+ 46. Kxg2 d2 47. d6+ Kxd6 48. Rc8 Kd7 0-1

[Event "Titled Tuesday intern op 28th Dec"]
[Site "Chess.com INT"]
[Date "2021.12.28"]
[Round "1"]
[White "Matinian, Nikita"]
[Black "Gubanov, Oleg"]
[Result "1-0"]
[WhiteElo "2454"]
[BlackElo "2258"]
[PlyCount "69"]
[EventDate "2021.12.28"]
[EventType "swiss (blitz)"]
[EventRounds "11"]
[EventCountry "USA"]
[SourceTitle "CBM 206 Extra"]
[Source "ChessBase"]
[SourceDate "2022.03.31"]
[SourceVersion "1"]
[SourceVersionDate "2022.03.31"]
[SourceQuality "1"]

1. e4 Nf6 2. e5 Nd5 3. d4 d6 4. Nf3 dxe5 5. Nxe5 c6 6. Bc4 Be6 7. O-O Nd7 8. Qe2 Nxe5 9. Qxe5 Nc7 10. Bxe6 Nxe6 11. c3 Qd5 12. Bf4 Nxf4 13. Qxf4 e6 14. Nd2 Bd6 15. Qg4 O-O 16. Nf3 f5 17. Qh5 Rf6 18. Rfe1 Raf8 19. Ne5 Bxe5 20. Rxe5 Qc4 21. Qf3 g5 22. b3 Qa6 23. c4 Qa3 24. Qe3 Qb2 25. Re1 Qxa2 26. Rxe6 f4 27. Qe5 Rf5 28. Qc7 Qxb3 29. Re7 R5f7 30. Rxf7 Rxf7 31. Qd8+ Rf8 32. Qxg5+ Kh8 33. Qe7 Rg8 34. Qf6+ Rg7 35. Re8# 1-0

[Event "Titled Tuesday intern op 28th Dec"]
[Site "Chess.com INT"]
[Date "2021.12.28"]
[Round "1"]
[White "Mestnikov, Aisen"]
[Black "Potapova, Margarita"]
[Result "1-0"]
[WhiteElo "2096"]
[BlackElo "2257"]
[PlyCount "93"]
[EventDate "2021.12.28"]
[EventType "swiss (blitz)"]
[EventRounds "11"]
[EventCountry "USA"]
[SourceTitle "CBM 206 Extra"]
[Source "ChessBase"]
[SourceDate "2022.03.31"]
[SourceVersion "1"]
[SourceVersionDate "2022.03.31"]
[SourceQuality "1"]

1. d4 Nf6 2. c4 e6 3. Nf3 d5 4. g3 dxc4 5. Bg2 a6 6. Ne5 Bb4+ 7. Nc3 Nd5 8. Qc2 b5 9. O-O Bxc3 10. bxc3 Bb7 11. a4 Nd7 12. Nxd7 Qxd7 13. Ba3 b4 14. cxb4 O-O 15. Qxc4 Nb6 16. Qd3 Bxg2 17. Kxg2 Nxa4 18. b5 Rfb8 19. bxa6 Qc6+ 20. e4 Qxa6 21. Qc2 Qb7 22. Rfb1 Nb6 23. Bc5 h6 24. Rxa8 Rxa8 25. f3 Qa6 26. Bxb6 cxb6 27. Qb2 Qd3 28. Re1 Ra3 29. Qf2 Rc3 30. Re2 Rc1 31. Rd2 Qb1 32. Rb2 Qd3 33. Rd2 Qc4 34. d5 exd5 35. exd5 Qc7 36. d6 Qd7 37. Qxb6 Rc6 38. Qb8+ Kh7 39. Qb1+ g6 40. Qb3 Rc1 41. Qd5 Qa7 42. Qd4 Qa6 43. Qd3 Qb6 44. d7 Qd8 45. Qe3 Rc7 46. Qe8 Qf6 47. d8=Q 1-0

[Event "Titled Tuesday intern op 28th Dec"]
[Site "Chess.com INT"]
[Date "2021.12.28"]
[Round "1"]
[White "Mickiewicz, Piotr"]
[Black "Aung, Thant Zin"]
[Result "0-1"]
[WhiteElo "2294"]
[BlackElo "2268"]
[PlyCount "60"]
[EventDate "2021.12.28"]
[EventType "swiss (blitz)"]
[EventRounds "11"]
[EventCountry "USA"]
[SourceTitle "CBM 206 Extra"]
[Source "ChessBase"]
[SourceDate "2022.03.31"]
[SourceVersion "1"]
[SourceVersionDate "2022.03.31"]
[SourceQuality "1"]

1. e4 c5 2. Nf3 Nc6 3. d4 cxd4 4. Nxd4 Nf6 5. Nc3 d6 6. Bg5 e6 7. Qd2 a6 8. O-O-O h6 9. Be3 Bd7 10. f3 b5 11. Kb1 b4 12. Nxc6 Bxc6 13. Ne2 d5 14. Nd4 Bb7 15. e5 Nd7 16. f4 Qc7 17. Bd3 Bc5 18. f5 Nxe5 19. fxe6 Nxd3 20. exf7+ Qxf7 21. Rhf1 Qd7 22. Qxd3 O-O-O 23. Nb3 Bxe3 24. Qxe3 Kb8 25. Qf4+ Ka8 26. Qxb4 Qc6 27. Na5 Qc7 28. Qxb7+ Qxb7 29. Nxb7 Kxb7 30. Rf6 gxf6 0-1

[Event "Titled Tuesday intern op 28th Dec"]
[Site "Chess.com INT"]
[Date "2021.12.28"]
[Round "1"]
[White "Migot, Tangi"]
[Black "Weetik, Vjacheslav"]
[Result "0-1"]
[WhiteElo "2353"]
[BlackElo "2423"]
[PlyCount "92"]
[EventDate "2021.12.28"]
[EventType "swiss (blitz)"]
[EventRounds "11"]
[EventCountry "USA"]
[SourceTitle "CBM 206 Extra"]
[Source "ChessBase"]
[SourceDate "2022.03.31"]
[SourceVersion "1"]
[SourceVersionDate "2022.03.31"]
[SourceQuality "1"]

1. e4 c6 2. Nc3 d5 3. d3 g6 4. f4 dxe4 5. Nxe4 Nf6 6. Nxf6+ exf6 7. Nf3 Bd6 8. Be2 O-O 9. O-O Re8 10. Bd2 Qb6+ 11. d4 c5 12. d5 Qxb2 13. Bd3 Bg4 14. Rb1 Qxa2 15. Rxb7 Qxd5 16. Rb1 c4 17. Be2 Nc6 18. Bc3 Qxd1 19. Bxd1 Bxf4 20. Bxf6 Rab8 21. Ra1 Re6 22. Bc3 Rd8 23. h3 Bf5 24. Kh1 Re3 25. Bf6 Rd6 26. Bh4 Rc3 27. Be1 Rxc2 28. Bxc2 Bxc2 29. Bf2 Bd3 30. Rfe1 Kg7 31. Ra6 Nb4 32. Rxd6 Bxd6 33. Bd4+ f6 34. Bxa7 Kf7 35. Nd4 Be5 36. Ne2 Bxe2 37. Rxe2 c3 38. Be3 Ke6 39. Bc1 Kd5 40. Kg1 Kc4 41. Kf1 Nd3 42. Be3 Kb3 43. g4 c2 44. h4 Bf4 45. Bxf4 Nxf4 46. Re3+ Kb2 0-1

[Event "Titled Tuesday intern op 28th Dec"]
[Site "Chess.com INT"]
[Date "2021.12.28"]
[Round "1"]
[White "Mirza, Diana"]
[Black "Cremisi, Daniel Josef"]
[Result "0-1"]
[WhiteElo "1898"]
[BlackElo "2133"]
[PlyCount "68"]
[EventDate "2021.12.28"]
[EventType "swiss (blitz)"]
[EventRounds "11"]
[EventCountry "USA"]
[SourceTitle "CBM 206 Extra"]
[Source "ChessBase"]
[SourceDate "2022.03.31"]
[SourceVersion "1"]
[SourceVersionDate "2022.03.31"]
[SourceQuality "1"]

1. e4 e6 2. d3 d5 3. Nd2 Nf6 4. Ngf3 Bc5 5. Be2 O-O 6. O-O dxe4 7. dxe4 b6 8. e5 Nd5 9. Ne4 Be7 10. c4 Nb4 11. a3 N4c6 12. b4 Bb7 13. Qc2 Nd4 14. Nxd4 Qxd4 15. Nc3 Qxe5 16. Bb2 Qg5 17. Ne4 Qg6 18. Bf3 Nc6 19. Qc3 f5 20. Ng3 Rad8 21. Qb3 f4 22. Ne2 Rd3 23. Qc2 e5 24. Rad1 Nxb4 25. axb4 Bxf3 26. g3 Rxd1 27. Qxd1 Qh5 28. h4 Bxe2 29. Qd5+ Kh8 30. Bxe5 fxg3 31. Bxg7+ Kxg7 32. Qxh5 Bxh5 33. fxg3 Rxf1+ 34. Kxf1 Bxb4 0-1

[Event "Titled Tuesday intern op 28th Dec"]
[Site "Chess.com INT"]
[Date "2021.12.28"]
[Round "1"]
[White "Munoz, Nelson"]
[Black "Adewumi, Tanitoluwa"]
[Result "0-1"]
[WhiteElo "1720"]
[BlackElo "2136"]
[PlyCount "102"]
[EventDate "2021.12.28"]
[EventType "swiss (blitz)"]
[EventRounds "11"]
[EventCountry "USA"]
[SourceTitle "CBM 206 Extra"]
[Source "ChessBase"]
[SourceDate "2022.03.31"]
[SourceVersion "1"]
[SourceVersionDate "2022.03.31"]
[SourceQuality "1"]

1. d4 Nf6 2. c4 e6 3. Nc3 d5 4. e3 Be7 5. Nf3 O-O 6. Be2 c6 7. O-O Nbd7 8. a3 a6 9. b4 b5 10. c5 Re8 11. Re1 Bf8 12. Qc2 e5 13. dxe5 Nxe5 14. Nxe5 Rxe5 15. Bb2 Bf5 16. Qd1 Re8 17. Rc1 Bg6 18. Qd4 Ne4 19. Nxe4 Rxe4 20. Qd3 Be7 21. Qd2 Bf6 22. Bf3 Re8 23. Bd4 Qe7 24. h3 Rad8 25. Qc3 Bxd4 26. exd4 Qg5 27. Re5 Rxe5 28. dxe5 d4 29. Qe1 d3 30. Rd1 d2 31. Qe3 Qxe3 32. fxe3 Bc2 33. Kf2 Bxd1 34. Bxd1 Rd3 35. Ke2 Rxa3 36. Kxd2 Ra2+ 37. Kc3 Rxg2 38. Bf3 Rg6 39. h4 Re6 40. Kd4 Kf8 41. h5 Ke7 42. Be2 f6 43. exf6+ Kxf6 44. Bg4 Re7 45. Bc8 Rc7 46. Bxa6 g5 47. hxg6 hxg6 48. Bxb5 cxb5 49. Kd5 Ke7 50. c6 g5 51. Ke5 Rxc6 0-1

[Event "Titled Tuesday intern op 28th Dec"]
[Site "Chess.com INT"]
[Date "2021.12.28"]
[Round "1"]
[White "Nagy, Gabor"]
[Black "Berezin, Viktor1"]
[Result "1-0"]
[WhiteElo "2527"]
[BlackElo "2307"]
[PlyCount "105"]
[EventDate "2021.12.28"]
[EventType "swiss (blitz)"]
[EventRounds "11"]
[EventCountry "USA"]
[SourceTitle "CBM 206 Extra"]
[Source "ChessBase"]
[SourceDate "2022.03.31"]
[SourceVersion "1"]
[SourceVersionDate "2022.03.31"]
[SourceQuality "1"]

1. e4 d5 2. exd5 Nf6 3. d4 Bg4 4. Be2 Bxe2 5. Qxe2 Qxd5 6. Nf3 Nc6 7. Be3 O-O-O 8. O-O e5 9. Nc3 Qe6 10. dxe5 Nxe5 11. Bxa7 Nxf3+ 12. Qxf3 Bd6 13. Rfe1 Qg4 14. Qxg4+ Nxg4 15. h3 Ne5 16. Bd4 f6 17. Rad1 Nc4 18. Nb5 Be5 19. b3 Bxd4 20. Rxd4 Ne5 21. Red1 Nc6 22. Rxd8+ Rxd8 23. Rxd8+ Kxd8 24. c3 Kd7 25. f4 g5 26. fxg5 fxg5 27. Kf2 Ne5 28. Ke3 c6 29. Nd4 c5 30. Nf3 Nf7 31. c4 Ke6 32. a3 b6 33. g4 h6 34. Ke4 Nd6+ 35. Kd3 Nf7 36. b4 Nd6 37. bxc5 bxc5 38. a4 Nb7 39. Nd2 Ke5 40. Nb3 Kf4 41. a5 Nd8 42. a6 Nc6 43. Nxc5 Kg3 44. Ke4 Kxh3 45. Kd5 Na7 46. Nd3 Kxg4 47. Kc5 Kg3 48. Kb6 Nc8+ 49. Kc7 Na7 50. Kb7 h5 51. Kxa7 h4 52. Kb6 h3 53. a7 1-0

[Event "Titled Tuesday intern op 28th Dec"]
[Site "Chess.com INT"]
[Date "2021.12.28"]
[Round "1"]
[White "Nechaeva, Marina"]
[Black "Roebers, Jan"]
[Result "1-0"]
[WhiteElo "2384"]
[BlackElo "2154"]
[PlyCount "59"]
[EventDate "2021.12.28"]
[EventType "swiss (blitz)"]
[EventRounds "11"]
[EventCountry "USA"]
[SourceTitle "CBM 206 Extra"]
[Source "ChessBase"]
[SourceDate "2022.03.31"]
[SourceVersion "1"]
[SourceVersionDate "2022.03.31"]
[SourceQuality "1"]

1. d4 Nf6 2. c4 g6 3. Nf3 Bg7 4. g3 O-O 5. Bg2 d6 6. O-O Nc6 7. Nc3 a6 8. d5 Na5 9. b3 c5 10. dxc6 Nxc6 11. Bb2 Rb8 12. Nd5 Nxd5 13. Bxg7 Kxg7 14. cxd5 Ne5 15. Nd4 g5 16. Qd2 h6 17. f4 gxf4 18. gxf4 Ng6 19. Kh1 Bg4 20. Rg1 Qd7 21. Raf1 Kh7 22. Be4 Rbc8 23. Rg3 f5 24. Rfg1 fxe4 25. Rxg4 Rg8 26. Qe3 h5 27. Rg5 Kh6 28. f5 Ne5 29. Rg6+ Kh7 30. Qh6# 1-0

[Event "Titled Tuesday intern op 28th Dec"]
[Site "Chess.com INT"]
[Date "2021.12.28"]
[Round "1"]
[White "Nikologorskiy, Konstantin"]
[Black "Nastore, Pavel Alexandru"]
[Result "1-0"]
[WhiteElo "2413"]
[BlackElo "2329"]
[PlyCount "41"]
[EventDate "2021.12.28"]
[EventType "swiss (blitz)"]
[EventRounds "11"]
[EventCountry "USA"]
[SourceTitle "CBM 206 Extra"]
[Source "ChessBase"]
[SourceDate "2022.03.31"]
[SourceVersion "1"]
[SourceVersionDate "2022.03.31"]
[SourceQuality "1"]

1. e4 c5 2. Nf3 d6 3. d4 cxd4 4. Nxd4 Nf6 5. Nc3 a6 6. Bg5 Nbd7 7. Bc4 Qb6 8. Qd2 Qxb2 9. Rb1 Qa3 10. O-O e6 11. f4 Qc5 12. e5 Qxc4 13. exf6 gxf6 14. Bh4 e5 15. Nf5 Nc5 16. Bxf6 Bxf5 17. Bxh8 O-O-O 18. Nd5 Qxc2 19. Qa5 Nd3 20. Bf6 Be4 21. Qxd8# 1-0

[Event "Titled Tuesday intern op 28th Dec"]
[Site "Chess.com INT"]
[Date "2021.12.28"]
[Round "1"]
[White "Novikova, Galina"]
[Black "Arabidze, Meri"]
[Result "0-1"]
[WhiteElo "2073"]
[BlackElo "2413"]
[PlyCount "56"]
[EventDate "2021.12.28"]
[EventType "swiss (blitz)"]
[EventRounds "11"]
[EventCountry "USA"]
[SourceTitle "CBM 206 Extra"]
[Source "ChessBase"]
[SourceDate "2022.03.31"]
[SourceVersion "1"]
[SourceVersionDate "2022.03.31"]
[SourceQuality "1"]

1. e4 c5 2. Nf3 e6 3. b4 d5 4. e5 d4 5. bxc5 Bxc5 6. Bd3 Nc6 7. c3 Nge7 8. O-O Nf5 9. Na3 O-O 10. Qe2 a6 11. Nc2 g6 12. Qe4 Re8 13. Bb2 dxc3 14. dxc3 Qc7 15. Rfe1 Bxf2+ 16. Kh1 Bxe1 17. Rxe1 b5 18. Bc1 Bb7 19. Qg4 Rad8 20. Bxf5 exf5 21. Qg3 Rd3 22. Bg5 Nd8 23. Bf6 Ne6 24. Ncd4 Qxc3 25. Nxe6 Bxf3 26. Ng5 Bxg2+ 27. Kxg2 Rxg3+ 28. hxg3 Qxe1 0-1

[Event "Titled Tuesday intern op 28th Dec"]
[Site "Chess.com INT"]
[Date "2021.12.28"]
[Round "1"]
[White "Ovetchkin, Roman"]
[Black "Kuznetsov, Mikhail V"]
[Result "1/2-1/2"]
[WhiteElo "2518"]
[BlackElo "2234"]
[PlyCount "86"]
[EventDate "2021.12.28"]
[EventType "swiss (blitz)"]
[EventRounds "11"]
[EventCountry "USA"]
[SourceTitle "CBM 206 Extra"]
[Source "ChessBase"]
[SourceDate "2022.03.31"]
[SourceVersion "1"]
[SourceVersionDate "2022.03.31"]
[SourceQuality "1"]

1. d4 Nf6 2. c4 e6 3. Nf3 Bb4+ 4. Bd2 Qe7 5. g3 O-O 6. Bg2 Ne4 7. O-O Nxd2 8. Nbxd2 Bxd2 9. Qxd2 d6 10. Qc3 Re8 11. Nd2 e5 12. d5 a5 13. b3 Bf5 14. a3 Nd7 15. e4 Bg4 16. h3 Bh5 17. b4 b6 18. Nb3 a4 19. Nc1 Bg6 20. Re1 f5 21. exf5 Bxf5 22. g4 Bg6 23. f4 Qh4 24. f5 Bf7 25. Ne2 h5 26. Qg3 Qg5 27. Nc3 hxg4 28. hxg4 Nf6 29. Ne4 Nxe4 30. Bxe4 Kf8 31. Ra2 Ke7 32. c5 bxc5 33. bxc5 Rab8 34. cxd6+ cxd6 35. Re3 Rec8 36. Rae2 Rc4 37. Bf3 Rb1+ 38. Kg2 Rcc1 39. Kh2 Qh6+ 40. Qh3 Qf4+ 41. Qg3 Qh6+ 42. Qh3 Qf4+ 43. Qg3 Qh6+ 1/2-1/2

[Event "Titled Tuesday intern op 28th Dec"]
[Site "Chess.com INT"]
[Date "2021.12.28"]
[Round "1"]
[White "Piesik, Piotr"]
[Black "Hasman, Cengiz"]
[Result "1-0"]
[WhiteElo "2407"]
[BlackElo "2101"]
[PlyCount "61"]
[EventDate "2021.12.28"]
[EventType "swiss (blitz)"]
[EventRounds "11"]
[EventCountry "USA"]
[SourceTitle "CBM 206 Extra"]
[Source "ChessBase"]
[SourceDate "2022.03.31"]
[SourceVersion "1"]
[SourceVersionDate "2022.03.31"]
[SourceQuality "1"]

1. Nf3 Nf6 2. g3 g6 3. Bg2 Bg7 4. O-O O-O 5. d4 d6 6. Nbd2 Nc6 7. e4 e5 8. dxe5 dxe5 9. c3 Qe7 10. b4 b6 11. Qc2 a5 12. b5 Nb8 13. a4 Rd8 14. Ba3 Qe8 15. Nc4 Nfd7 16. Rad1 Bb7 17. Ne3 Nc5 18. Rxd8 Qxd8 19. Bxc5 bxc5 20. Rd1 Qe8 21. Nd5 Bxd5 22. Rxd5 Nd7 23. Bh3 Nb6 24. Rxc5 Qe7 25. Rc6 Rd8 26. c4 Qa3 27. Kg2 Nxa4 28. Rxc7 Rd3 29. Ng5 h6 30. Nxf7 Nc5 31. Qe2 1-0

[Event "Titled Tuesday intern op 28th Dec"]
[Site "Chess.com INT"]
[Date "2021.12.28"]
[Round "1"]
[White "Polaczek, Richard"]
[Black "Khoroshev, Nikita"]
[Result "0-1"]
[WhiteElo "2360"]
[BlackElo "2327"]
[PlyCount "52"]
[EventDate "2021.12.28"]
[EventType "swiss (blitz)"]
[EventRounds "11"]
[EventCountry "USA"]
[SourceTitle "CBM 206 Extra"]
[Source "ChessBase"]
[SourceDate "2022.03.31"]
[SourceVersion "1"]
[SourceVersionDate "2022.03.31"]
[SourceQuality "1"]

1. d4 Nf6 2. Bg5 Ne4 3. Bf4 e5 4. Bxe5 Nc6 5. Bg3 d5 6. Nf3 h5 7. Bf4 g5 8. Bc1 g4 9. Ne5 Qf6 10. Be3 Bh6 11. Qd3 Bf5 12. Bxh6 Qxh6 13. Qe3 Qxe3 14. fxe3 Nxe5 15. dxe5 Ke7 16. Nd2 Ke6 17. Nxe4 Bxe4 18. c3 Kxe5 19. Kf2 h4 20. Rg1 Rh6 21. Rd1 c5 22. g3 Rf6+ 23. Ke1 h3 24. Kd2 a5 25. Kc1 b5 26. a3 Rf2 0-1

[Event "Titled Tuesday intern op 28th Dec"]
[Site "Chess.com INT"]
[Date "2021.12.28"]
[Round "1"]
[White "Politov, Pavel Y"]
[Black "Brunner, Nicolas"]
[Result "0-1"]
[WhiteElo "2190"]
[BlackElo "2415"]
[PlyCount "82"]
[EventDate "2021.12.28"]
[EventType "swiss (blitz)"]
[EventRounds "11"]
[EventCountry "USA"]
[SourceTitle "CBM 206 Extra"]
[Source "ChessBase"]
[SourceDate "2022.03.31"]
[SourceVersion "1"]
[SourceVersionDate "2022.03.31"]
[SourceQuality "1"]

1. e4 e5 2. Nf3 Nc6 3. Bc4 Nf6 4. d3 Be7 5. O-O O-O 6. c3 d6 7. Bb3 Na5 8. Bc2 c5 9. a4 Nc6 10. Na3 d5 11. exd5 Nxd5 12. Nc4 f6 13. Ne3 Nf4 14. g3 Nh3+ 15. Kg2 Be6 16. Bb3 Qd7 17. Qc2 Kh8 18. Bxe6 Qxe6 19. c4 Nf4+ 20. gxf4 exf4 21. h3 fxe3 22. Bxe3 Rad8 23. Rad1 Qf5 24. Qc3 Qg6+ 25. Kh1 Qh5 26. Kg2 f5 27. Bf4 Bf6 28. Qd2 Nb4 29. Qe2 Rfe8 30. Be5 Rxe5 31. Nxe5 Qxe2 32. Nf7+ Kg8 33. Nxd8 Bxd8 34. Rde1 Qxd3 35. Re8+ Kf7 36. Rfe1 Nc6 37. R8e6 Qxc4 38. Rd6 Bf6 39. Rd7+ Kg6 40. Rxb7 Nd4 41. h4 Qd5+ 0-1